000 00314 a2200157 4500
001 57625
020 _a9726460905
040 _cAnchieta - Pituba
100 _aViana, José Paulo
240 1 0 _aDesafios 5
_lpor
245 1 0 _aDesafios 5
300 _a
362 0 _a1996
650 4 _aMatemática
942 _cBK
999 _c57625
_d57625